Nations in the 1924 Winter Olympics - Statistics

General Stats
  • This quiz has been taken 40 times
  • The average score is 16 of 16
Answer Stats
Hint Answer % Correct
Europe Austria
100%
Europe Belgium
100%
America Canada
100%
Europe Finland
100%
Europe France
100%
Europe Great Britain
100%
Europe Hungary
100%
Europe Italy
100%
Europe Norway
100%
Europe Poland
100%
Europe Sweden
100%
Europe Switzerland
100%
Europe Czechoslovakia
97%
America United States
97%
Europe Yugoslavia
93%
Europe Latvia
72%
No matching quizzes found
Score Distribution
Percent of People with Each Score
Percentile by Number Answered
Your Score History
You have not taken this quiz